DYNAMIKA PŘIROZENÉHO PRÁVA

Podrobná bibliografia
Hlavný autor: Přibyl, Stanislav, 1966- (Autor)
Médium: Článok
Jazyk:čeština

MARC

LEADER 00000nab a2200000ua 4500
001 vtls010838413
003 SK-MaSNL
005 20260303183238.0
008 230121s2011 xo |||||||||||||||||cze|
035 |a (urnnbn)urn:nbn:sk:snk:ar-a06vku 
035 |a urn:nbn:sk:snk-ab61oa 
035 |a (uuid)c6903f27-e710-4601-ad60-e35b91511b6e 
040 |a SNKBUCL  |b slo  |c SNKBUCL  |e AACR2 
041 0 |a cze 
044 |a xo  |c SK 
100 1 |a Přibyl, Stanislav,  |d 1966-  |4 aut  |9 233262 
245 1 0 |a DYNAMIKA PŘIROZENÉHO PRÁVA  |c Stanislav Přibyl 
773 0 |t Nové horizonty : časopis pre teológiu, kultúru a spoločnosť  |g Roč. 5, č. 2 (2011), s. 65-67 
958 |a OND 
958 |a EUIPO 
958 |a article5 
999 |c 2119935  |d 2121865